| 000 | 00409cam a22001691 4500 | ||
|---|---|---|---|
| 020 | _a0124408508 : | ||
| 040 | _cDLC | ||
| 082 | 0 | 0 | _a631 ACA 1971 A036 oR. |
| 100 | 1 | _aLee, K. E. | |
| 245 | 1 | 0 | _aTermites and soils |
| 260 |
_aLondon, _aNew York, _bAcademic Press, _c1971. |
||
| 300 |
_ax, 251 p. _billus. _c24 cm. |
||
| 650 | 0 | _aTermites. | |
| 650 | 0 | _aSoil biology. | |
| 700 | 1 | _aWood, T. G., | |
| 942 | _cEK | ||
| 999 |
_c11372 _d11372 |
||